000 00446cam a2200193ua 4500
001 7174
005 20260515114150.0
008 141127n ii |||gr||||Z||||||asm
040 _cMAIN
041 _aasm
082 _a949.5
100 _aChaliha, A.,
_eAuthor.
245 _aGreek Darshanar itihash
_cByAnjana Chaliha
250 _a2nd.
260 _aJorhat:
_bTarubala,
_c2011.
300 _axv,178p.
653 _aGreek history
942 _cBK
999 _c6295
_d6295